000 06236cam a22020054i 4500
003 PE-LiUPU
005 20250813165959.0
008 150616s1995 pe a r 000 0 spa d
035 _a(Sirsi) a7614
040 _aPE-LiUPU
_bspa
_cPE-LiUPU
_erda
049 _aPRUA
082 0 4 _a630.985
_bV35
_221
082 0 4 _a338
_bV35
100 1 _aVásquez Villanueva, Absalón,
_eautor.
245 1 3 _aLa agricultura Peruana en el Siglo XXI /
_cAbsalón Vásquez Villanueva.
264 1 _aLima :
_bTalleres Gráficos E.D.I.A.S.,
_c1995.
300 _a209 páginas :
_bilustraciones ;
_c21 centímetros.
336 _atext
_2rdacontent
337 _aunmediated
_2rdamedia
338 _avolume
_2rdacarrier
505 0 _aPolítica económica y agricultura hasta 1990 -- Importancia del sector y estructura productiva -- Política sectorial actual -- Acciones desarrolladas en el sector agrario 1990-1994 -- Agenda pendiente -- Oportunidades de inversión en el agro.
526 _aP203
526 _aP200
526 _aSEG65
526 _aSEG64
526 _aSEG63
526 _aSEG62
526 _aSEG61
526 _aSEG60
526 _aSEG59
526 _aSEG58
526 _aSEG57
526 _aSEG56
526 _aSEG55
526 _aSEG54
526 _aSEG53
526 _aSEG52
526 _aSEG51
526 _aSEG50
526 _aSEG49
526 _aSEG48
526 _aSEG47
526 _aSEG46
526 _aSEG24
526 _aSEG23
526 _aSEG22
526 _aSEG21
526 _aSEG20
526 _aSEG19
526 _aSEG18
526 _aSEG17
526 _aSEG16
526 _aSEG14
526 _aSEG13
526 _aSEG12
526 _aSEG11
526 _aSEG10
526 _aSEG09
526 _aSEG06
526 _aSEG05
526 _aSEG04
526 _aSEG03
526 _aSEG02
526 _aSEG68
526 _aSEG66
526 _aSEG45
526 _aSEG25
526 _aSEG01
526 _aP163
526 _aP162
526 _aP161
526 _aP160
526 _aP159
526 _aP158
526 _aP157
526 _aP156
526 _aP155
526 _aP154
526 _aP153
526 _aP152
526 _aP151
526 _aP150
526 _aP149
526 _aP142
526 _aP141
526 _aP140
526 _aP139
526 _aP138
526 _aP137
526 _aP132
526 _aP131
526 _aP130
526 _aP126
526 _aP125
526 _aP124
526 _aP123
526 _aP115
526 _aP122
526 _aP121
526 _aP116
526 _a P114
526 _aP112
526 _aP111
526 _aP104
526 _aP103
526 _aP102
526 _aP101
526 _aP100
526 _aP96
526 _aP95
526 _aP93
526 _aP92
526 _aP91
526 _aP88
526 _aP83
526 _aP82
526 _aP79
526 _aP78
526 _aP75
526 _aP74
526 _aP71
526 _aP69
526 _a P51
526 _aP49
526 _aP48
526 _aP47
526 _aP33
526 _aP31
526 _a P30
526 _aP29
526 _aP27
526 _aP26
526 _aP25
526 _aP24
526 _a P22
526 _aP10
526 _aP09
526 _a P08
526 _aP06
526 _aP05
526 _aP04
526 _aP01
650 1 4 _aAgricultura
_zPerú
_ySiglo XXI.
910 _ajck
_bjvq
_cjck
910 _btqv
_cwelc
_d20161116
942 _2ddc
_cBOOK
949 _a630.985 V35
_wDEWEY
_c1
_i41207
_lCCODEBUL1
_mBUL
_p00.00
_r0
_sY
_tBOOK
_u19960506
_xFCE
_PP08
_0COMPRA
_o.STAFF. Colección General
949 _a630.985 V35
_wDEWEY
_c2
_i41204
_lCCODEBUL1
_mBUL
_p00.00
_r0
_sY
_tBOOK
_u19960506
_xFCE
_PP08
_0COMPRA
_o.STAFF. Colección General
949 _a630.985 V35
_wDEWEY
_c3
_i41205
_lCCODEBUL1
_mBUL
_p00.00
_r0
_sY
_tBOOK
_u19960506
_xFCE
_PP08
_0COMPRA
_o.STAFF. Colección General
949 _a630.985 V35
_wDEWEY
_c4
_i41206
_lCCODEBUL1
_mBUL
_p00.00
_r0
_sY
_tBOOK
_u19960506
_xFCE
_PP08
_0COMPRA
_o.STAFF. Colección General
949 _a338 V35
_wDEWEY
_c1
_iFJ04165
_lCCODEBUJ1
_mBUJ
_p10.00
_r0
_sY
_tBOOK
_u2016-11-16
_xBIBLIOTECA
_zUNKNOWN
_0COMPRA
_o.STAFF. Colección General Juliaca
949 _a338 V35
_wDEWEY
_c2
_iFJ04166
_lCCODEBUJ1
_mBUJ
_p10.00
_r0
_sY
_tBOOK
_u2016-11-16
_xBIBLIOTECA
_zUNKNOWN
_0COMPRA
_o.STAFF. Colección General Juliaca
949 _a338 V35
_wDEWEY
_c3
_iFJ04167
_lCCODEBUJ1
_mBUJ
_p10.00
_r0
_sY
_tBOOK
_u2016-11-16
_xBIBLIOTECA
_zUNKNOWN
_0COMPRA
_o.STAFF. Colección General Juliaca
994 _aC0
_bPEPRU
596 _a1 2 3
999 _a630.985 V35
_wDEWEY
_c58877
_i41207
_d58877
_e2019-4-22
_f2021-11-5
_g5
_lCCODEBUL1
_mBUL
_n1
_q1
_r0
_sY
_tBOOK
_u2015-6-16
_xBIBLIOTECA
_PP08
_0COMPRA
_o.STAFF. Colección FCE
999 _a630.985 V35
_wDEWEY
_c2
_i41204
_lLOST
_mBUL
_r1
_sY
_tBOOK
_u2015-6-16
_xFCE
_PP08
_0COMPRA
_o.STAFF. Colección General
999 _a630.985 V35
_wDEWEY
_c3
_i41205
_lLOST
_mBUL
_r1
_sY
_tBOOK
_u2015-6-16
_xFCE
_PP08
_0COMPRA
_o.STAFF. Colección General
999 _a630.985 V35
_wDEWEY
_c4
_i41206
_lLOST
_mBUL
_r1
_sY
_tBOOK
_u2015-6-16
_xFCE
_PP08
_0COMPRA
_o.STAFF. Colección General
999 _a338 V35 1995
_wDEWEY
_c1
_iFT02019
_f2019-2-20
_g1
_lCCODEBUT1
_mBUT
_p10.00
_r0
_sY
_tBOOK
_u2015-12-9
_xBIBLIOTECA
_zUNKNOWN
_0DONACION
_o.STAFF. Colección General
999 _a338 V35
_wDEWEY
_c1
_iFJ04165
_f2022-1-18
_g4
_lCCODEBUJ1
_mBUJ
_r0
_sY
_tBOOK
_u2016-11-16
_xBIBLIOTECA
_zUNKNOWN
_0COMPRA
_o.STAFF. Colección General Juliaca
999 _a338 V35
_wDEWEY
_c2
_iFJ04166
_f2022-1-18
_g4
_lCCODEBUJ1
_mBUJ
_r0
_sY
_tBOOK
_u2016-11-16
_xBIBLIOTECA
_zUNKNOWN
_0COMPRA
_o.STAFF. Colección General Juliaca
999 _a338 V35
_wDEWEY
_c3
_iFJ04167
_f2022-1-18
_g4
_lCCODEBUJ1
_mBUJ
_r0
_sY
_tBOOK
_u2016-11-16
_xBIBLIOTECA
_zUNKNOWN
_0COMPRA
_o.STAFF. Colección General Juliaca
980 _81
_gALBERTO SANCHEZ Responsable de Automatización